[Event "NRW Class2 0910"]
[Site "Germany"]
[Date "2010.02.21"]
[Round "7.8"]
[White "Kelbling, Philipp"]
[Black "Huzenberh, Yakiv"]
[Result "1-0"]
[WhiteElo "2118"]
[BlackElo "1962"]
[PlyCount "77"]
[EventDate "2009.09.20"]
[EventType "team-tourn"]
[EventRounds "9"]
[EventCountry "GER"]
[SourceTitle "EXT 2011"]
[Source "ChessBase"]
[SourceDate "2010.11.26"]
[SourceVersion "1"]
[SourceVersionDate "2010.11.26"]
[SourceQuality "1"]
[WhiteTeam "Bochum SG II"]
[BlackTeam "Duesseldorf"]
[WhiteTeamCountry "GER"]
[BlackTeamCountry "GER"]

1. e4 Nf6 2. e5 Nd5 3. Nc3 Nxc3 4. dxc3 d5 5. Nf3 c5 6. Bg5 Nc6 7. h3 h6 8. Bf4 g5 9. Bg3 Qb6 10. Rb1 e6 11. h4 g4 12. Nd2 Rg8 13. h5 Qd8 14. Bb5 Bd7 15. Qe2 a6 16. Bxc6 Bxc6 17. Rd1 Qg5 18. c4 Qf5 19. cxd5 exd5 20. 0-0 Be7 21. Rfe1 Rg5 22. Bh4 Rxh5 23. Bxe7 Kxe7 24. Nf1 Qf4 25. Ng3 Rg5 26. Qd3 Rh8 27. Re4 Qxe5 28. Rxe5+ Rxe5 29. Qd2 h5 30. Re1 Rxe1+ 31. Qxe1+ Kd7 32. Qe5 Re8 33. Qxh5 Re1+ 34. Kh2 Kc7 35. Qxg4 Rb1 36. b3 Rb2 37. Qf5 Rxa2 38. Ne2 d4 39. Qxc5 1-0